| 000 | 00705nam a22001937a 4500 | ||
|---|---|---|---|
| 005 | 20251108165756.0 | ||
| 008 | 250721s1965 xx 000 0 ara d | ||
| 082 | 1 | 4 | _aم/415/هشا |
| 100 | 1 | _aإبن هشام، أبي محمد عبد الله جمال الدين بن يوسف | |
| 245 | 1 | 0 | _aشرح شذور الذهب في معرفة كلام العرب / |
| 250 | _aط10 | ||
| 264 | 1 |
_aالقاهرة : _bالمكتبة التجارية الكبرى، _c1965. |
|
| 300 | _a480ص | ||
| 500 | _aومعه كتاب منتهى الأرب بتحقيق شرح شذور الذهب | ||
| 650 | 1 | 7 | _aاللغة العربية |
| 650 | 1 | 7 | _aالنحو والصرف |
| 942 |
_2ddc _cREF |
||
| 999 |
_c31017 _d31017 |
||